Statistics for 2020-2021 NFL Playoff Teams

Click here to take the quiz!

General Stats

  • This quiz has been taken 517 times
  • The average score is 13 of 14

Answer Stats

GroupSeedTeam% Correct
AFC1Kansas City Chiefs
99%
AFC2Buffalo Bills
97%
NFC1Green Bay Packers
96%
NFC5Tampa Bay Buccaneers
96%
AFC3Pittsburgh Steelers
94%
AFC4Tennessee Titans
94%
AFC5Baltimore Ravens
93%
NFC6Los Angeles Rams
92%
NFC2New Orleans Saints
92%
AFC6Cleveland Browns
91%
NFC3Seattle Seahawks
91%
NFC4Washington Redskins
91%
AFC7Indianapolis Colts
86%
NFC7Chicago Bears
83%

Score Distribution

Percentile by Number Answered

Percent of People with Each Score

Your Score History

You have not taken this quiz